| 000 | 00384 a2200109 4500 | ||
|---|---|---|---|
| 001 | ART_23645 | ||
| 005 | 20260410161932.0 | ||
| 008 | 260409a | ||
| 245 | 1 | 0 | _aTamaño óptimo de las inversiones |
| 100 | 1 | _aVisintini, Alfredo | |
| 773 | 0 |
_tRevista de la Facultad de Ciencias Económicas de la Universidad de Cuyo _g- Año XXV, Nº 73/75 (ene./dic. 1973) _wREV22981 |
|
| 999 |
_c28690 _d28690 |
||